[Event "ch-UKR w"]
[Site "Alushta UKR"]
[Date "2005.05.20"]
[Round "5"]
[White "Moskalets,S"]
[Black "Kalinina,L"]
[Result "0-1"]
[WhiteElo "2162"]
[BlackElo "2177"]

1.e4 c5 2.Nf3 Nc6 3.Bb5 g6 4.Bxc6 dxc6 5.h3 Bg7 6.a4 e5 7.O-O g5 8.Nh2 h5
9.Ra3 g4 10.Rg3 Nf6 11.Nc3 Bh6 12.Re1 Bf4 13.Rd3 Qe7 14.Ne2 Bxh2+ 15.Kxh2 Nxe4
16.Kg1 gxh3 17.Nf4 h2+ 18.Kxh2 Nxf2 19.Qe2 Nxd3 20.Nxd3 Qh4+ 21.Kg1 f6 22.c3 Bg4
23.Qe4 O-O-O 24.Nxc5 Rd5 25.d4 f5 26.Qe3 f4 27.Qe4  0-1

[Event "ch-UKR sf"]
[Site "Alushta UKR"]
[Date "2005.05.20"]
[Round "5"]
[White "Nesteretz,A"]
[Black "Stets,V"]
[Result "0-1"]
[WhiteElo "2296"]
[BlackElo "2400"]

1.e4 c5 2.Nf3 Nc6 3.Bb5 a6 4.Bxc6 bxc6 5.O-O d6 6.c3 g6 7.d4 cxd4 8.Qxd4 Nf6
9.Qa4 Bg7 10.e5 dxe5 11.Nxe5 O-O 12.Rd1 Qc7 13.Nxc6 Ng4 14.Bf4 e5 15.Bg3 Kh8
16.Nb4 f5 17.Qc6 Qa7 18.h3 f4 19.Bh4 g5 20.hxg4 gxh4 21.Qf3 e4 22.Qxe4 Bxg4
23.Re1 h3 24.gxh3 Bxh3 25.Qf3 Qd7 26.Nd2 a5 27.Nd5 Bg4 28.Qd3 Rad8 29.c4 Qf7
30.f3 Bf5 31.Ne4 Rg8 32.Kf2 Bxb2 33.Rab1 Qa7+ 34.Ke2 Rg2+ 35.Kd1 a4 36.Rxb2 Rxb2
37.Qc3+ Qg7 38.Qxg7+ Kxg7 39.Nc3 a3 40.Re7+ Kg6 41.Ke1 Rd7 42.Re5 Bb1 43.c5 Rxd5
44.Nxd5 Bxa2 45.Nxf4+ Kf6 46.Re3 Bb3 47.Nd5+ Bxd5 48.Rxa3 Rc2 49.Ra6+ Kg5
50.Ra5 Bc6 51.Kd1 Rc4 52.Kd2 Ra4 53.Rxa4 Bxa4 54.Ke3 Kf5 55.Kf2 Kf4 56.Kg2 Bd7
57.Kf2 Bc6 58.Kg2 Bxf3+ 59.Kh3  0-1

[Event "HB Global CC"]
[Site "Minneapolis USA"]
[Date "2005.05.20"]
[Round "5"]
[White "Antonio,R"]
[Black "Milovanovic,R"]
[Result "1-0"]
[WhiteElo "2513"]
[BlackElo "2399"]

1.e4 c5 2.Nf3 Nc6 3.Bb5 e6 4.O-O Nge7 5.Re1 a6 6.Bf1 d5 7.exd5 Nxd5 8.d4 Nf6
9.Be3 cxd4 10.Nxd4 Nxd4 11.Bxd4 Be7 12.Nc3 Bd7 13.Qd3 Bc6 14.Rad1 Qa5 15.Qg3 Kf8
16.Ne4 h5 17.Bc3 Qf5 18.Nd6 Qg4 19.Qxg4 hxg4 20.Nc4 Rc8 21.Ne3 Nd5 22.Be5 Nxe3
23.Rxe3 Rh5 24.c4 Rd8 25.Rxd8+ Bxd8 26.Bd6+ Be7 27.Bxe7+ Kxe7 28.b4 Rg5 29.Be2 Kf6
30.g3 Re5 31.Bxg4 Rg5 32.Be2 Rg6 33.Bf3 Bxf3 34.Rxf3+ Ke7 35.Rd3 Rh6 36.c5 e5
37.Rd5 Re6 38.Kf1 f6 39.Ke2 Rc6 40.Kd3 Ke6 41.Rd8 a5 42.a3 axb4 43.axb4 b6
44.Kc4 bxc5 45.b5 Rd6 46.Rxd6+ Kxd6 47.g4  1-0

[Event "TCh-ROM A"]
[Site "Tusnad ROM"]
[Date "2005.05.21"]
[Round "1"]
[White "Vajda,Al1"]
[Black "Chiricuta,M"]
[Result "1/2-1/2"]
[WhiteElo "2442"]
[BlackElo "2221"]

1.e4 c5 2.Nf3 Nc6 3.Bb5 g6 4.O-O Bg7 5.Re1 e5 6.a3 Nge7 7.b4 b6 8.Nc3 O-O
9.Rb1 Nd4 10.bxc5 bxc5 11.Bc4 d6 12.h3 Be6 13.Nd5 Bxd5 14.exd5 Rb8 15.Rxb8 Qxb8
16.Nxd4 cxd4 17.d3 Rc8 18.Bd2 Qa8 19.Qf3 a5 20.Rb1 Rc5 21.Rb6 Qd8 22.Rb7 h6
23.h4 f5 24.g4 f4 25.Qe4 Bf6 26.Kf1 Bxh4 27.c3 dxc3 28.Bxc3 Bf6 29.f3 Kh7
30.Be1  1/2-1/2

[Event "VII Open"]
[Site "Salou ESP"]
[Date "2005.05.22"]
[Round "3"]
[White "Asmundsson,I"]
[Black "Spasov,V"]
[Result "1/2-1/2"]
[WhiteElo "2288"]
[BlackElo "2543"]

1.e4 c5 2.Nf3 Nc6 3.Bb5 Nf6 4.Nc3 Qc7 5.O-O Nd4 6.Bd3 Ng4 7.g3 Nxf3+ 8.Qxf3 Ne5
9.Qe3 Nxd3 10.Qxd3 e6 11.b3 Be7 12.Bb2 O-O 13.Nb5 Qb8 14.e5 b6 15.Nd6 Bxd6
16.Qxd6 Qxd6 17.exd6 Bb7 18.c4 Rfc8 19.f4 Rc6 20.d4 cxd4 21.Ba3 b5 22.c5 a5
23.b4 Rca6 24.Rf2 axb4 25.Bxb4 Ra4 26.Rb2 f6 27.a3 e5 28.Re1 e4 29.Rd2 d3
30.Kf2 Kf7 31.Ke3 Bc6 32.f5 Re8 33.Rf1 Re5 34.Rdf2 Ra8 35.Rf4 Rae8 36.R1f2 Rd5
37.h3 h6 38.Rd2 Rde5 39.Rdf2 Ra8 40.Rf1 Rc8 41.R1f2 Bd5 42.Rf1 Ba8 43.R1f2 Bb7
44.Rd2 Rcxc5 45.Bxc5 Rxc5 46.g4 Rc4 47.Rf1 Bc6 48.Rb1 Rc3 49.Ra1 Ke8 50.Kd4 Rc4+
51.Ke3 Kf8 52.Rb2 Kf7 53.Rab1 d2 54.Kxd2 Rd4+ 55.Ke2 Rd3 56.Rb3 Rxd6 57.Rd1 Rxd1
58.Kxd1 g6 59.Ke2 h5 60.Ke3 hxg4 61.hxg4 gxf5 62.gxf5 Ke7 63.Kd4 Kf7 64.Rh3 Kg7
65.Kc5 Kf7 66.Kd6 Kf8 67.Rg3 Ke8 68.Rg7 Kf8 69.Rg6 Kf7 70.Rg3 Kf8 71.Rg1 Ke8
72.Rg8+ Kf7 73.Rg6 Ke8 74.Rxf6 e3 75.Rh6 e2 76.Rh8+ Kf7 77.Rh7+ Kf6 78.Re7 Bf3
79.Re3 Bg4 80.Kxd7 Kxf5 81.Kd6 Kf4 82.Re7 Kf3 83.Rxe2 Kxe2 84.Kc5  1/2-1/2

[Event "TCh-ROM A"]
[Site "Tusnad ROM"]
[Date "2005.05.22"]
[Round "2"]
[White "Peptan,C"]
[Black "Voiska,M"]
[Result "1/2-1/2"]
[WhiteElo "2435"]
[BlackElo "2340"]

1.e4 c5 2.Nf3 Nc6 3.Bb5 Nf6 4.e5 Ng4 5.Qe2 Qc7 6.Bxc6 dxc6 7.Nc3 Nh6 8.h3 Nf5
9.Ne4 Qa5 10.Qc4 Nd4 11.Nxd4 cxd4 12.Qxd4 Bf5 13.Nc5 Qc7 14.Qc3 e6 15.O-O Bxc5
16.Qxc5 O-O-O 17.d3 b6 18.Qc3 Rd5 19.Be3 c5 20.f4 h6 21.b4 cxb4 22.Qxb4 Kb7
23.Rf2 Rc8 24.Rb1 Qc3 25.Qxc3 Rxc3 26.Rb3 Rxb3 27.axb3 a5 28.Rf1 b5 29.Ra1 b4
30.Kf2 Ka6 31.Ke2 Kb5 32.g4 Bg6 33.Rf1 Rd8 34.f5 exf5 35.gxf5 Bh5+ 36.Kd2 Re8
37.d4 Kc6 38.Kd3 g6 39.Kd2 gxf5 40.Rxf5 Bg6 41.Rf6+ Re6 42.Rf1 Kd5 43.Ra1 Ra6
44.Ra2 Bf5 45.h4 Bd7 46.Ra1 h5 47.Rf1 Be6 48.Rg1 Bg4 49.Kc1 a4 50.bxa4 Rxa4
51.Kb2 Ke4 52.Re1 Be6 53.Bg1+ Kf3 54.Rd1 Bd5 55.Rd3+ Kg2 56.Be3 Bc4 57.Rd2+ Kf3
58.Bg5 Ra2+ 59.Kb1 b3 60.cxb3 Rxd2 61.Bxd2 Bxb3 62.Kb2 Be6 63.Kc3 Ke4 64.Bg5  1/2-1/2

[Event "ch-UKR w"]
[Site "Alushta UKR"]
[Date "2005.05.23"]
[Round "8"]
[White "Kovaleva,N"]
[Black "Matseyko,K"]
[Result "0-1"]
[WhiteElo "2244"]
[BlackElo "2174"]

1.e4 c5 2.Nf3 Nc6 3.Bb5 g6 4.Bxc6 dxc6 5.d3 Bg7 6.Nc3 Nf6 7.Be3 b6 8.h3 O-O
9.Qd2 Re8 10.Bh6 e5 11.Bxg7 Kxg7 12.O-O-O Ba6 13.g4 Qc7 14.Rdg1 c4 15.dxc4 Bxc4
16.Kb1 b5 17.Qe3 a5 18.Nd2 Be6 19.f3 a4 20.h4 h5 21.gxh5 Nxh5 22.Qg5 Nf4
23.h5 f6 24.Qh4 g5 25.Nd1 Rh8 26.h6+ Kf7 27.Qh2 a3 28.b3 Nh3 29.Rg3 Qd7 30.Qg2 Rxh6
31.Re1 Nf4 32.Qf2 Rah8 33.Nf1 Rh1 34.Rg1 Rxg1 35.Qxg1 Qd4 36.Nfe3 c5 37.c3 Qd2
38.Nc2 Rh2  0-1

[Event "ch-UKR w"]
[Site "Alushta UKR"]
[Date "2005.05.24"]
[Round "9"]
[White "Doluhanova,E"]
[Black "Kalinina,L"]
[Result "1/2-1/2"]
[WhiteElo "2251"]
[BlackElo "2177"]

1.e4 c5 2.Nf3 Nc6 3.Bb5 g6 4.Bxc6 dxc6 5.d3 Bg7 6.Nc3 e5 7.Be3 Qe7 8.h3 Nf6
9.Qd2 Nd7 10.Bh6 O-O 11.Bxg7 Kxg7 12.h4 h5 13.O-O-O Rh8 14.Ng5 f6 15.Nh3 Nf8
16.f4 Bxh3 17.gxh3 exf4 18.Qxf4 Qe5 19.Qf2 Ne6 20.Ne2 Rhg8 21.Rhg1 Raf8 22.Rdf1 Kh7
23.Nf4 Qxf4+ 24.Qxf4 Nxf4 25.Rxf4 Kg7 26.Kd2 Kf7 27.Kc3 Ke6 28.Kc4 b6 29.a4 Rd8
30.c3 b5+ 31.axb5 cxb5+ 32.Kxb5 Rxd3 33.Rgf1 Rf8 34.Kxc5 Ke5 35.Kc4 Rxh3
36.b4 Re3 37.b5 Rc8+ 38.Kb4 Rexc3 39.Ka5 R8c4 40.Ka6 Ra3+ 41.Kb7 f5 42.R4f3 Rxf3
43.Rxf3 Rxe4 44.Kxa7 Rxh4 45.Re3+ Kf6 46.Rb3 Re4 47.b6 Re7+ 48.Ka8 Re8+ 49.Kb7 f4
50.Kc7 Re7+ 51.Kd6 Rb7 52.Kc6 Rb8 53.Kc7 Rxb6 54.Kxb6 g5 55.Kc5 Ke5 56.Rd3 g4
57.Rd5+ Ke4 58.Rxh5 f3 59.Rh4 Kf4 60.Kd4 f2 61.Rh8 Kf3 62.Rf8+ Ke2 63.Re8+ Kd2
64.Rf8 g3 65.Rf3 Ke2 66.Re3+ Kd1 67.Rd3+ Kc1 68.Rc3+ Kd2 69.Rd3+ Kc2 70.Rc3+ Kd1
71.Rd3+ Ke2 72.Re3+ Kd2 73.Rd3+ Kc1 74.Rc3+ Kd1 75.Rd3+ Ke2 76.Re3+ Kd2  1/2-1/2

[Event "TCh-ARG Magistral AFA"]
[Site "Buenos Aires ARG"]
[Date "2005.05.24"]
[Round "1"]
[White "Bronstein,L"]
[Black "Alonso,S"]
[Result "1/2-1/2"]
[WhiteElo "2362"]
[BlackElo "2459"]

1.e4 c5 2.Nf3 Nc6 3.Bb5 e6 4.O-O Nge7 5.c3 a6 6.Be2 d5 7.exd5 Nxd5 8.d4 Nf6
9.Ne5 cxd4 10.Nxc6 bxc6 11.Bf3 Qb6 12.cxd4 Be7 13.b3 O-O 14.Ba3 Bxa3 15.Nxa3 Rd8
16.Nc4 Qc7 17.Rc1 Bb7 18.Ne5 Rd6  1/2-1/2

[Event "VII Open"]
[Site "Salou ESP"]
[Date "2005.05.24"]
[Round "5"]
[White "Lacasa Diaz,J"]
[Black "Manik,M"]
[Result "1/2-1/2"]
[WhiteElo "2427"]
[BlackElo "2495"]

1.e4 c5 2.Nf3 Nc6 3.Bb5 g6 4.Bxc6 bxc6 5.O-O Bg7 6.Re1 f6 7.c3 Nh6 8.d4 cxd4
9.cxd4 O-O 10.Nc3 d6 11.b3 Qa5 12.Bb2 Nf7 13.Nd2 Rb8 14.Nc4 Qd8 15.Rc1 d5
16.Ne3 e6 17.Qd3 f5 18.exf5 exf5 19.Na4 f4 20.Nf1 Bf5 21.Qc3 Ng5 22.f3 Ne6
23.Qd2 Re8 24.Rxc6 Nxd4 25.Rcc1 Rxe1 26.Rxe1 Ne6 27.Bxg7 Kxg7 28.g4 fxg3
29.Nxg3 Ng5 30.Nxf5+ gxf5 31.Qd4+ Kg6  1/2-1/2

[Event "TCh-ROM A"]
[Site "Tusnad ROM"]
[Date "2005.05.24"]
[Round "4"]
[White "Peptan,C"]
[Black "Smokina,K"]
[Result "1/2-1/2"]
[WhiteElo "2435"]
[BlackElo "2307"]

1.e4 c5 2.Nf3 Nc6 3.Bb5 g6 4.O-O Bg7 5.Re1 Nf6 6.e5 Nd5 7.Nc3 Nc7 8.Bxc6 dxc6
9.Ne4 Ne6 10.d3 Qc7 11.Ng3 O-O 12.Bd2 Nd4 13.Nxd4 cxd4 14.f4 f5 15.exf6 Bxf6
16.Qe2 Bd7 17.Qe4 e6 18.Qe2 Rae8 19.Ne4 c5 20.b4 b6 21.bxc5 bxc5 22.c4 Bg7
23.Ng5 e5 24.Qf3 h6 25.Qd5+ Kh8 26.Nf7+ Kh7 27.Nxe5 Be6 28.Qe4 Bf5 29.Qf3 Bc8
30.Qg3 g5 31.Rab1 Rf5 32.h4 Bxe5 33.fxe5 Rfxe5 34.Rf1 gxh4 35.Qxh4 R5e6 36.Qh5 Rg6
37.Qd5 Re7 38.Rbe1 Reg7 39.Rf2 Bb7 40.Qf5 Bc8 41.Qe4 Bb7 42.Qf5 Bc8  1/2-1/2

[Event "VII Open"]
[Site "Salou ESP"]
[Date "2005.05.25"]
[Round "6"]
[White "Spasov,V"]
[Black "Krivoshey,S"]
[Result "1/2-1/2"]
[WhiteElo "2543"]
[BlackElo "2493"]

1.e4 c5 2.Nf3 Nc6 3.Bb5 d6 4.O-O Bd7 5.Re1 Nf6 6.c3 a6 7.Bf1 Bg4 8.d3 e6
9.Nbd2 Nd7 10.Be2 Be7 11.Nf1 O-O 12.Ng3 Rc8 13.h3 Bxf3 14.Bxf3 Bg5  1/2-1/2

[Event "TCh-ROM A"]
[Site "Tusnad ROM"]
[Date "2005.05.25"]
[Round "5"]
[White "Vajda,Al1"]
[Black "Cosma,I"]
[Result "1/2-1/2"]
[WhiteElo "2442"]
[BlackElo "2447"]

1.e4 c5 2.Nf3 Nc6 3.Bb5 g6 4.O-O Bg7 5.c3 Nf6 6.Qe2 O-O 7.e5 Ne8 8.d4 cxd4
9.cxd4 Nc7 10.Ba4 d6 11.h3 dxe5 12.dxe5 Nd4 13.Qe4 Nxf3+ 14.Qxf3 Qd4 15.Nc3 Qxe5
16.Bb3 Ne6 17.Bxe6 Bxe6 18.Qxb7 Bc4 19.Rd1 a5 20.Qf3 Qf5 21.Qxf5 gxf5 22.Bg5 Rfb8
23.Rd2 Rxb2 24.Rxb2 Bxc3 25.Rab1 Bxb2 26.Rxb2 f6 27.Bd2 a4 28.a3 Bb3 29.Bb4 Kf7
30.Rd2 Ra7 31.Rd8 f4 32.Rh8 Bc2 33.Rc8 Bb3 34.Rh8 Kg6 35.Rc8 e5 36.Rd8 Rc7
37.f3 Kf5 38.Kh2 Rc2 39.Rd2 Rc7 40.Ba5 Rb7 41.Rd6 Rb5 42.Bb4 Rb7 43.Ba5 Bc4
44.Rb6 Rg7 45.Rd6 Bf1 46.Rd2 Bc4 47.Rc2 Bd5 48.Rc7 Rg6 49.Rc2 Ke6 50.Rb2 Bb3
51.Rd2 Rg7 52.Rd8 Rb7 53.Ra8 Kf5 54.Bb4 Rc7 55.Rd8 Rc2 56.Rd2 Rc4 57.Bf8 Ke6
58.Rd6+ Kf7 59.Rd8 Rc6 60.Bb4 Rb6 61.Rd7+ Kg6 62.Be7 Re6 63.Bf8 Re8 64.Be7 Be6
65.Ra7 Bd5 66.Bb4 e4 67.Re7 Rxe7 68.Bxe7 exf3 69.gxf3 Bxf3 70.Bb4 Be2 71.Be1 Kg5
72.Kg1 Bc4 73.h4+ Kg4 74.Bf2 Kf3  1/2-1/2

[Event "TCh-IRI"]
[Site "Tehran IRI"]
[Date "2005.05.27"]
[Round "2"]
[White "Mamedov,Nid"]
[Black "Sharbaf,M"]
[Result "1-0"]
[WhiteElo "2463"]
[BlackElo "2346"]

1.e4 c5 2.Nf3 Nc6 3.Bb5 g6 4.O-O Bg7 5.Bxc6 dxc6 6.d3 Nf6 7.h3 Nd7 8.Nc3 e5
9.Bg5 f6 10.Be3 Qe7 11.a3 Nf8 12.Na4 Ne6 13.b4 b6 14.c4 f5 15.exf5 gxf5 16.bxc5 bxc5
17.Re1 O-O 18.Bd2 Qd6 19.Bc3 Nd4 20.Nxd4 exd4 21.Bd2 f4 22.Qf3 Bh6 23.Qh5 Rf5
24.Re8+ Bf8 25.Qf3 Rb8 26.Nxc5 Qg6 27.Rae1 Kg7 28.Ne6+ Bxe6 29.Rxb8 Bf7 30.Re4 Bd6
31.Rb7 Qf6 32.Qg4+ Kh6 33.c5 Rg5 34.Bxf4 Bxf4 35.Qxf4 Qxf4 36.Rxf4  1-0

[Event "TCh-ROM A"]
[Site "Tusnad ROM"]
[Date "2005.05.28"]
[Round "8"]
[White "Vasiesiu,D"]
[Black "Veneteanu,I"]
[Result "1-0"]
[WhiteElo "2401"]
[BlackElo "2271"]

1.e4 c5 2.Nf3 Nc6 3.Bb5 g6 4.c3 Nf6 5.Qa4 Qc7 6.O-O Bg7 7.d4 cxd4 8.cxd4 O-O
9.Nc3 d6 10.d5 Nb8 11.Be3 Ng4 12.Bd4 Bxd4 13.Qxd4 a6 14.Be2 Nd7 15.Rac1 Qd8
16.Rc2 Ngf6 17.Rfc1 Nb6 18.Nd2 e6 19.dxe6 Bxe6 20.Nb3 Bxb3 21.axb3 Re8 22.Bf3 Re5
23.Rd1 Ne8 24.Bg4 Qc7 25.f4 Rc5 26.Be2 Rc6 27.Bf3 Rc5 28.Rcd2 Rc8 29.Qf2 Kg7
30.h4 a5 31.h5 Qe7 32.Qd4+ f6 33.hxg6 hxg6 34.Bg4 R8c7 35.Rd3 Qf7 36.Rg3 Kf8
37.Be2 Rc8 38.Bb5 Rd8 39.Qxc5 dxc5 40.Rxd8 Qc7 41.Rxe8+ Kg7 42.e5 fxe5 43.Re6 exf4
44.Rgxg6+  1-0

[Event "Memorial Day Classic"]
[Site "Los Angeles USA"]
[Date "2005.05.29"]
[Round "4"]
[White "Khachiyan,M"]
[Black "Mezentsev,V"]
[Result "1/2-1/2"]
[WhiteElo "2473"]
[BlackElo "2397"]

1.e4 c5 2.Nf3 Nc6 3.Bb5 g6 4.Bxc6 dxc6 5.d3 Bg7 6.Nc3 c4 7.d4 Bg4 8.Be3 Bxf3
9.Qxf3 Bxd4 10.O-O-O Bxe3+ 11.Qxe3 Qb6 12.Qh3 Kf8 13.f4 Kg7 14.e5 Nh6 15.g4 Qc7
16.Rde1 Rhe8 17.f5 f6 18.Rhf1 Nf7 19.e6 Nd6 20.g5 fxg5 21.fxg6 hxg6 22.Qg3 Rf8
23.Qe5+ Rf6 24.Ne4 Nb5 25.Nxf6 Qxe5 26.Nh5+ gxh5 27.Rxe5 Kh6 28.Rff5 Nd4
29.Rxg5 Nf3 30.Rxh5+ Kg6 31.Rc5 b6 32.Rhf5 bxc5 33.Rxf3 Rh8 34.h3 Rh4 35.Kd2 Re4
36.Ra3 Rxe6 37.Rxa7 c3+ 38.Kxc3 Kf7 39.a4 Rh6 40.Kc4 Rxh3 41.c3 Rh5 42.a5 Ke6
43.a6 Kd6 44.Rb7 Rh1 45.a7 Ra1 46.b3 Ra2 47.Kd3 Ra1 48.Ke4 Ra5 49.c4 Ra1
50.Kf5 e5 51.Rh7 Rf1+ 52.Ke4 Re1+ 53.Kd3 Rd1+ 54.Kc2 Ra1 55.Kb2 Ra5 56.Kc3 Ra1
57.Kd2 Ra3 58.Rg7 Ra1 59.Rb7 Ra2+ 60.Ke3 Ra1 61.Ke4 Re1+ 62.Kf5 Rf1+ 63.Kg6 Ra1
64.Kf7 e4 65.Re7 Ra3 66.Kf6 Ra1 67.Re6+ Kc7 68.Rxe4 Kb7 69.Re7+ Ka8 70.Kf7 Rb1
71.Ke6 Re1+ 72.Kd6 Rxe7 73.Kxe7 Kxa7 74.Kf7 Kb7 75.Ke8 Ka8 76.Kf8 Kb8 77.Kg7 Kc7
78.Kf6 Kb6  1/2-1/2

[Event "14th CRO-Cup"]
[Site "Sibenik CRO"]
[Date "2005.05.30"]
[Round "1"]
[White "Prlac,V"]
[Black "Jankovic,A"]
[Result "1-0"]
[WhiteElo "2143"]
[BlackElo "2480"]

1.e4 c5 2.Nf3 Nc6 3.Bb5 Nf6 4.Qe2 g6 5.O-O a6 6.Bxc6 dxc6 7.h3 Bg7 8.Re1 Nd7
9.c3 O-O 10.d4 cxd4 11.cxd4 e5 12.Be3 exd4 13.Bxd4 Bxd4 14.Nxd4 Ne5 15.Nf3 Nd3
16.Rd1 Nf4 17.Qc2 Qf6 18.Nbd2 g5 19.e5 Qh6 20.Ne4 Bf5 21.Rd6 Qg7 22.Qc4 h6
23.a3 Kh8 24.Nf6 Be6 25.Qe4 Qg6 26.Qxg6 Nxg6 27.Rad1 c5 28.Rb6 Rab8 29.Rdd6 Rfd8
30.Rxb7 Kg7 31.Rxb8 Rxb8 32.Nd7 Rb5 33.b4 cxb4 34.axb4 Bxd7 35.Rxd7 Nxe5
36.Nxe5 Rxe5 37.Rd6 Re1+ 38.Kh2 Re6 39.Rxe6 fxe6 40.Kg3 Kf6 41.f4 Kf5 42.fxg5 Kxg5
43.Kf3 Kh4 44.Kf4 Kh5 45.g3 Kg6 46.Ke5 Kf7 47.g4 Kg6 48.h4 Kf7 49.g5 h5 50.Kd6 e5
51.Kxe5 Ke7 52.g6 Ke8 53.Kf6 Kf8 54.g7+ Kg8 55.Kg6 a5 56.b5  1-0

[Event "Summer"]
[Site "Alushta UKR"]
[Date "2005.06.01"]
[Round "8"]
[White "Hasangatin,R"]
[Black "Annageldyev,O"]
[Result "0-1"]
[WhiteElo "2416"]
[BlackElo "2483"]

1.e4 c5 2.Nf3 Nc6 3.Bb5 e6 4.Bxc6 bxc6 5.d3 Qc7 6.e5 Ne7 7.Qe2 Ng6 8.b3 Be7
9.Bb2 O-O 10.Nbd2 f6 11.O-O fxe5 12.Nxe5 Nxe5 13.Qxe5 Qxe5 14.Bxe5 d6 15.Bg3 g5
16.f3 e5 17.a3 Bf5 18.Nc4 Rfc8 19.Rae1 Bg6 20.f4 gxf4 21.Bxf4 Bf8 22.Bg3 Rd8
23.Bh4 Rd7 24.g4 Re8 25.Rf2 e4 26.dxe4 Rxe4 27.Rxe4 Bxe4 28.Bg3 d5 29.Ne5 Rg7
30.Rf6 Bxc2 31.Rxc6 Bxb3 32.h3 Re7 33.Rc8 Ba4 34.Kf2 Re8 35.Rc7 c4 36.Nf3 Bxa3
37.Be5 Bf8 38.Kg3 Bd1 39.Bf4 Bg7 40.Nh4 Bc2 41.Nf5 Bxf5 42.gxf5 c3 43.Kg4 d4
44.Kg5 Rf8 45.Bd6 h6+ 46.Kf4 Re8 47.Be7 d3 48.f6 d2 49.f7+ Kxf7 50.Bb4+ Ke6
51.Rc6+ Kd5 52.Rd6+ Kc4  0-1

[Event "FSIM June"]
[Site "Budapest HUN"]
[Date "2005.06.05"]
[Round "2"]
[White "Brustkern,J"]
[Black "Paridar,S"]
[Result "1-0"]
[WhiteElo "2258"]
[BlackElo "2263"]

1.e4 c5 2.Nf3 Nc6 3.Bb5 g6 4.O-O Bg7 5.Re1 e5 6.b4 Nxb4 7.Bb2 Qc7 8.c3 Nc6
9.d4 d6 10.dxc5 dxc5 11.Qd5 Ne7 12.Qxc5 O-O 13.Nbd2 b6 14.Qe3 Na5 15.Bd3 h6
16.Rac1 Be6 17.c4 Nec6 18.Nb3 Rab8 19.Nfd2 Rfd8 20.Qg3 Rd7 21.Bf1 Nxb3 22.Nxb3 Nb4
23.a3 Na6 24.Red1 Rxd1 25.Rxd1 Nc5 26.Nd4 Bd7 27.Re1 Re8 28.Nb5 Qb8 29.Bc1 Bxb5
30.cxb5 Qd6 31.Qf3 Qd4 32.Rd1 Qa4 33.Rd5 Nxe4 34.Rd7 Nf6 35.Rc7 Rd8 36.Bxh6 Rd1
37.Bxg7 Kxg7 38.g3 e4 39.Qe2 Ra1 40.Kg2 Rxa3 41.Qc4 Ne8 42.Qxf7+ Kh6 43.Qxe8  1-0

[Event "TCh-IRI"]
[Site "Tehran IRI"]
[Date "2005.06.09"]
[Round "4"]
[White "Ghaem Maghami,E"]
[Black "Agamaliev,G"]
[Result "1/2-1/2"]
[WhiteElo "2632"]
[BlackElo "2512"]

1.e4 c5 2.Nf3 Nc6 3.Bb5 Nf6 4.Nc3 Qc7 5.O-O Nd4 6.Nxd4 cxd4 7.Nd5 Nxd5 8.exd5 Qc5
9.c4 a6 10.Ba4 b5 11.cxb5 Qxd5  1/2-1/2

[Event "TCh-IRI"]
[Site "Tehran IRI"]
[Date "2005.06.10"]
[Round "5"]
[White "Toufighi,H"]
[Black "Sadeghi,A"]
[Result "1-0"]
[WhiteElo "2194"]
[BlackElo "2159"]

1.e4 c5 2.Nf3 Nc6 3.Bb5 g6 4.O-O Bg7 5.Re1 Nf6 6.e5 Nd5 7.Nc3 Nxc3 8.dxc3 O-O
9.Bf4 Qb6 10.Bf1 Qxb2 11.Qd2 Nd8 12.Bh6 d5 13.exd6 exd6 14.Bxg7 Kxg7 15.Rab1 Qxa2
16.Ra1 Qb2 17.Reb1 Qxb1 18.Rxb1 Be6 19.Qxd6 a5 20.Ng5 a4 21.Nxe6+ Nxe6 22.Bc4 Rfe8
23.h4 a3 24.Ba2 Ra7 25.h5 gxh5 26.Qe5+ Kg8 27.f4 c4 28.f5 Ng7 29.Qg3 h4 30.Qg4 Ra6
31.Rxb7 Rf6 32.Bxc4 Rxf5 33.Qxf5 Nxf5 34.Bxf7+ Kf8 35.Bxe8 Kxe8 36.Ra7 a2
37.Rxa2 Kd7 38.Ra7+ Ke6 39.Rxh7 Ne3 40.Rxh4 Nxc2 41.Ra4 Kd5 42.Kf2  1-0

[Event "La Palma Rapid Open"]
[Site "Brena Baja ESP"]
[Date "2005.06.12"]
[Round "2"]
[White "Felgaer,R"]
[Black "Cruz,A BOL"]
[Result "1-0"]
[WhiteElo "2593"]
[BlackElo "2287"]

1.e4 c5 2.Nf3 Nc6 3.Bb5 Nd4 4.Nxd4 cxd4 5.O-O e6 6.c3 Bc5 7.b4 Bb6 8.Na3 Nf6
9.Bd3 d6 10.Nc4 e5 11.a4 dxc3 12.dxc3 Bc7 13.Bg5 h6 14.Bxf6 Qxf6 15.Ne3 O-O
16.Nd5 Qd8 17.a5 Be6 18.Bc4 Rc8 19.Qd3 Bb8 20.Rfd1 Kh8 21.a6 b6 22.Rac1 f5
23.exf5 Bxf5 24.Qe2 Qh4 25.Ne3 Be4 26.Bd5 Bg6 27.g3 Qg5 28.h4 Qh5 29.Qxh5 Bxh5
30.Rd2 b5 31.Bb7 Rcd8 32.Bc6 Bf7 33.Bd5 Be8 34.Be4 Bd7 35.Nd5 Bc8 36.Ne7 Rf6
37.Nc6 Bc7 38.Nxd8 Bxd8 39.Bb7 Bd7 40.Rcd1 Bc7 41.Rd5 Rf3 42.Rxd6 Bxd6 43.Bxf3  1-0

[Event "Open"]
[Site "Voronezh RUS"]
[Date "2005.06.12"]
[Round "1"]
[White "Turkin,V"]
[Black "Novikov,S"]
[Result "1/2-1/2"]
[WhiteElo "2320"]
[BlackElo "2512"]

1.e4 c5 2.Nf3 Nc6 3.Bb5 e6 4.O-O Nge7 5.d4 cxd4 6.Nxd4 Qb6 7.Nxc6 bxc6 8.Bd3 Ng6
9.Nd2 Be7 10.Qh5 Qc7 11.Nf3 e5 12.Ng5 Bxg5 13.Qxg5 O-O 14.h4 Kh8 15.f4 f6
16.Qg3 a5 17.h5 Nxf4 18.Bxf4 exf4 19.Rxf4 Ba6 20.Bxa6 Rxa6 21.h6 gxh6 22.Raf1 Qb6+
23.Kh1 Qxb2 24.Qd3 Raa8 25.Qxd7 Qxa2 26.Qxc6 Rac8 27.Qd6 Qxc2 28.e5 Qc5 29.Rxf6 Qxd6
30.exd6 Rxf6  1/2-1/2

[Event "III Open"]
[Site "Bajada de la Virgen ESP"]
[Date "2005.06.13"]
[Round "1"]
[White "Blasco Cusido,F"]
[Black "Tissir,M"]
[Result "0-1"]
[WhiteElo "1942"]
[BlackElo "2442"]

1.e4 c5 2.Nf3 Nc6 3.Bb5 a6 4.Bxc6 dxc6 5.O-O Bg4 6.d3 Qc7 7.Be3 e5 8.Nbd2 Nf6
9.h3 Bh5 10.Qe1 Nd7 11.Nh2 f6 12.f4 O-O-O 13.Nb3 exf4 14.Bxf4 Bd6 15.Bxd6 Qxd6
16.Qf2 Rhe8 17.Rae1 Kb8 18.Nd2 Ne5 19.Nhf3 Bxf3 20.Nxf3 Nxf3+ 21.Qxf3 Qd4+
22.Qe3 Qxb2 23.Qxc5 Re5 24.Qc4 Qd4+ 25.Qxd4 Rxd4 26.Rb1 Ra4 27.Rb2 Rb5 28.Rxb5 axb5
29.Ra1 Rb4 30.c3 Ra4 31.a3 c5 32.Kf2 b4 33.cxb4 cxb4 34.d4 bxa3 35.Ke3 Kc7
36.Kd3 Kd6 37.g4 a2 38.h4 g6 39.h5 g5 40.Kc3 h6 41.Kd3 b5 42.Kc3 Ke6  0-1

[Event "Open"]
[Site "Mielo POL"]
[Date "2005.06.13"]
[Round "4"]
[White "Korosciel,A"]
[Black "Gryniakow,J"]
[Result "1/2-1/2"]
[WhiteElo "2074"]
[BlackElo "2264"]

1.e4 c5 2.Nf3 Nc6 3.Bb5 g6 4.O-O Bg7 5.c3 Nf6 6.Re1 O-O 7.e5 Nd5 8.d4 cxd4
9.cxd4 d6 10.Nc3 Nc7 11.exd6 Qxd6  1/2-1/2

[Event "Open"]
[Site "Voronezh RUS"]
[Date "2005.06.14"]
[Round "3"]
[White "Salinnikov,D"]
[Black "Brodsky,M"]
[Result "1/2-1/2"]
[WhiteElo "2401"]
[BlackElo "2532"]

1.e4 c5 2.Nf3 Nc6 3.Bb5 e6 4.Bxc6 bxc6 5.d3 Ne7 6.b3 Ng6 7.e5 f6 8.Bb2 Be7
9.O-O O-O 10.Nbd2 fxe5 11.Nxe5 Nxe5 12.Bxe5 d6 13.Bg3 e5 14.f4 exf4 15.Rxf4 Bf6
16.Rb1 Be6 17.Ne4 Bd4+ 18.Kh1 d5 19.Rxf8+ Qxf8 20.Ng5 Bd7 21.Qf1 Qxf1+ 22.Rxf1 Re8
23.Re1 Rxe1+ 24.Bxe1 c4 25.dxc4 dxc4 26.bxc4 Bf5 27.Nf3 Bb2 28.Bf2 a6 29.Bd4 Ba3
30.Ne5 Bxc2 31.Nxc6 Bb1 32.Bb6 Bxa2 33.c5 Be6 34.Na7 a5 35.Bxa5  1/2-1/2

[Event "St Petersburg vs Moscow"]
[Site "St Petersburg RUS"]
[Date "2005.06.15"]
[Round "2"]
[White "Bukhtin,V"]
[Black "Altshul,R"]
[Result "1/2-1/2"]
[WhiteElo "2416"]
[BlackElo "2277"]

1.e4 c5 2.Nf3 Nc6 3.Bb5 e6 4.Bxc6 bxc6 5.O-O Ne7 6.d3 Ng6 7.c4 Be7 8.Nc3 O-O
9.g3 f6 10.h4 d6 11.h5 Nh8 12.Nh2 f5 13.Bd2 e5 14.f4 Nf7 15.Qe2 Rb8 16.b3 exf4
17.Bxf4 Bf6 18.Rac1 Rb7 19.Kh1 Re7 20.Qg2 Qe8 21.g4 Bxc3 22.Rxc3 fxe4 23.dxe4 Rxe4
24.Rc2 Re1 25.Rf2 Rxf1+ 26.Rxf1 Ne5 27.Qg3 Qe6 28.Re1 Re8 29.h6 gxh6 30.Nf3 Qxg4
31.Qxg4+ Bxg4 32.Nxe5 dxe5 33.Rxe5 Rxe5 34.Bxe5 Bf5 35.Bd6 Bb1 36.Bxc5 a6
37.a3 Ba2 38.b4 Bxc4 39.Kg2 Kf7 40.Kf3 Ke6 41.Be3 h5 42.Bb6 Bb3 43.Ke4 h4
44.Bc7 h3 45.Bh2 Bc2+ 46.Kd4 h5 47.Kc5 Ba4 48.Kd4 Kf5 49.Ke3 h4 50.Kd4 Kg4
51.Ke3 Bb5 52.Kf2 a5 53.Ke3 a4 54.Kf2 Kf5 55.Ke3 Ke6 56.Kd4  1/2-1/2

[Event "Open"]
[Site "Voronezh RUS"]
[Date "2005.06.15"]
[Round "4"]
[White "Salinnikov,D"]
[Black "Chernyshov,K"]
[Result "0-1"]
[WhiteElo "2401"]
[BlackElo "2531"]

1.e4 c5 2.Nf3 Nc6 3.Bb5 e6 4.Bxc6 bxc6 5.d3 Ne7 6.Qe2 Ng6 7.h4 Qc7 8.h5 Nf4
9.Bxf4 Qxf4 10.Nbd2 e5 11.Nc4 d6 12.Ne3 Be7 13.O-O-O O-O 14.Kb1 f5 15.h6 fxe4
16.hxg7 Rf7 17.Nd2 exd3 18.Qxd3 Rxg7 19.Ne4 Be6 20.g3 Qf3 21.Rh6 c4 22.Nxc4 Qxd3
23.cxd3 Bg4 24.Re1 d5 25.f3 Bxf3 26.Ned2 dxc4 27.Nxf3 cxd3 28.Nxe5 d2 29.Rd1 Rxg3
30.Nxc6 Bg5 31.Rdh1 Rc8  0-1

[Event "III Open"]
[Site "Bajada de la Virgen ESP"]
[Date "2005.06.16"]
[Round "6"]
[White "Camino Carrio,N"]
[Black "Blasco Cusido,F"]
[Result "1-0"]
[WhiteElo "2102"]
[BlackElo "1942"]

1.e4 c5 2.Nf3 Nc6 3.Bb5 e6 4.O-O Nge7 5.b3 a6 6.Bxc6 Nxc6 7.Bb2 b5 8.Re1 Bb7
9.c4 b4 10.d3 f6 11.Nh4 Qe7 12.f4 Qf7 13.Nd2 Be7 14.Qg4 O-O 15.f5 e5 16.Re3 a5
17.Rh3 a4 18.Ng6 hxg6 19.fxg6 Qe6  1-0

[Event "FSIM June"]
[Site "Budapest HUN"]
[Date "2005.06.16"]
[Round "13"]
[White "Farago,S"]
[Black "Lengyel,B"]
[Result "1/2-1/2"]
[WhiteElo "2262"]
[BlackElo "2302"]

1.e4 c5 2.Nf3 Nc6 3.Bb5 g6 4.Bxc6 dxc6 5.d3 Bg7 6.h3 Nf6 7.Nc3 Nd7 8.Be3 e5
9.Qd2 h6 10.O-O Qe7 11.a3 Nf8 12.b4 Ne6 13.bxc5 Nxc5 14.Rfb1 Ne6 15.Ne2 c5
16.c3 b6 17.a4 f5 18.Qc2 f4 19.Bd2  1/2-1/2

[Event "Open"]
[Site "Mielo POL"]
[Date "2005.06.16"]
[Round "7"]
[White "Korosciel,A"]
[Black "Mielczarski,M"]
[Result "0-1"]
[WhiteElo "2074"]
[BlackElo "2276"]

1.e4 c5 2.Nf3 Nc6 3.Bb5 g6 4.O-O Bg7 5.c3 Nf6 6.Re1 O-O 7.e5 Nd5 8.d4 cxd4
9.cxd4 d6 10.Nc3 Nxc3 11.bxc3 Qa5 12.Qb3 Bg4 13.Nd2 Qc7 14.exd6 exd6 15.Ba3 Na5
16.Qb4 a6 17.Bf1 Rfd8 18.Ne4 Be6 19.Ng5 Bc4 20.Bxc4 Nxc4 21.Bc1 h6 22.Ne4 d5
23.Nc5 b6 24.Nd3 Bf8 25.Qa4 Nd6 26.Qb3 Ne4 27.Bb2 Rac8 28.f3 Nd2 29.Qc2 Nc4
30.Rac1 Bd6 31.h3 Re8 32.Rxe8+ Rxe8 33.Re1 Rxe1+ 34.Nxe1 Qe7  0-1